VIAGEM a Paraty (Record no. 142283)

MARC details
000 -LÍDER
campo de controle de tamanho fixo 00294 a2200145 4500
001 - NÚMERO DE CONTROLE
campo de controle 142283
040 ## - FONTE DA CATALOGAÇÃO
Instituição que transcreveu o registro Leonardo Da Vinci
041 ## - CÓDIGO DE IDIOMA
Código do idioma do texto/trilha sonora ou título diferente Português
082 ## - CDD - CLASSIFICAÇÃO DECIMAL DE DEWEY
Número de Classificação v066
245 ## - TÍTULO
Título VIAGEM a Paraty
260 ## - PUBLICAÇÃO, DISTRIBUIÇÃO, ETC.
Data da publicação, distribuição, etc. 1998
362 ## - DATAS DE PUBLICAÇÃO E/OU DESIGNAÇÃO SEQUENCIAL
Datas de publicação e/ou designação sequencial 19980000
697 ## - ENTRADA DE ASSUNTO LOCAL--ENTIDADE COLETIVA (RLIN)
Nome corporativo ou nome da jurisdição Paraty
-- Rio de Janeiro
942 ## - ELEMENTOS DE ENTRADA ADICIONADOS (KOHA)
Tipo de material Koha Materiais visuais
Holdings
Situação do descarte Situação das perdas Situação física Não pode ser emprestado Biblioteca de origem Biblioteca atual Data de aquisição Total de empréstimos Número de chamada completo Código de barras Data de último acesso Data do preço efetivo Tipo de material Koha
        Leonardo Da Vinci - Alphaville 1 Leonardo Da Vinci - Alphaville 1 27/03/2024   v066 A0076LVA 27/03/2024 27/03/2024 Materiais visuais